[Event "Let's Play Chess!"]
[Site "http://www.queenalice.com/game.php?id=684200"]
[Date "2009.11.16"]
[Round "-"]
[White "raymundo"]
[Black "paddymalonespub"]
[Result "1-0"]
[WhiteElo "1750"]
[BlackElo "1694"]

1. c4 d5 2. cxd5 Qxd5 3. Nc3 Qd8 4. Nf3 Nc6 5. e4 e5 6. Bb5 Bd6 7. O-O Nf6 8. d4
exd4 9. Ne2 O-O 10. Bxc6 bxc6 11. Nexd4 Nxe4 12. Nxc6 Qd7 13. Ncd4 Qe8 14. Qc2
Nc5 15. Be3 Bb7 16. Ng5 g6 17. Ngf3 Bxf3 18. Nxf3 Ne4 19. Bh6 f6 20. Bxf8 Bxf8
21. Qxc7 Bd6 22. Qc4+ Kg7 23. Rfe1 f5 24. Ng5 Qd8 25. Ne6+ 1-0

[Event "Is Tu Mo Chara"]
[Site "http://www.queenalice.com/game.php?id=684247"]
[Date "2009.11.16"]
[Round "-"]
[White "bohinky"]
[Black "paddymalonespub"]
[Result "1-0"]
[WhiteElo "2037"]
[BlackElo "1698"]

1. d4 d5 2. c4 Nf6 3. Nf3 Nc6 4. Nc3 e6 5. Bg5 Be7 6. e3 O-O 7. Rc1 a6 8. a3 b5
9. cxb5 axb5 10. Bxb5 Bb7 11. O-O Na5 12. Ne5 c6 13. Bd3 Ba6 14. b4 Bxd3 15.
Qxd3 Nc4 16. Nxc6 Qc7 17. Nxe7+ Qxe7 18. e4 Nxa3 19. e5 Qxb4 20. exf6 gxf6 21.
Bxf6 h6 22. Qg3+ 1-0

[Event "Challenge"]
[Site "http://www.queenalice.com/game.php?id=684252"]
[Date "2009.11.16"]
[Round "-"]
[White "Tayada"]
[Black "paddymalonespub"]
[Result "1-0"]
[WhiteElo "1773"]
[BlackElo "1705"]

1. e4 e5 2. Nf3 d6 3. d4 exd4 4. Nxd4 Nf6 5. Nc3 Nc6 6. Nxc6 bxc6 7. Be2 d5 8.
e5 Ne4 9. Nxe4 dxe4 10. Qxd8+ Kxd8 11. O-O Be6 12. Re1 Bc5 13. Ba6 h6 14. Rxe4
Ke7 15. Bc4 Rhd8 16. Bf1 Rd1 17. Bg5+ hxg5 18. Rxd1 Bf5 19. Rc4 Bb6 20. Rxc6 Be4
21. Rc4 Bf5 22. Bd3 Rd8 23. Be2 Rh8 24. b4 Ke6 25. a4 a5 26. bxa5 Bxa5 27. Bg4
Bxg4 28. Rxg4 Kf5 29. Rc4 Bb6 30. Rd5 Re8 31. a5 Ra8 32. Ra4 c5 33. e6+ Kxe6 34.
Rxg5 g6 35. h4 Bc7 36. Rxc5 Kd6 37. Rcc4 Re8 38. a6 Kd7 39. g3 Bb6 40. a7 Re2
41. a8=Q Bxf2+ 42. Kg2 Be1+ 43. Kh3 1-0

[Event "Challenge"]
[Site "http://www.queenalice.com/game.php?id=684253"]
[Date "2009.11.16"]
[Round "-"]
[White "paddymalonespub"]
[Black "Misteranderson"]
[Result "1-0"]
[WhiteElo "1706"]
[BlackElo "1459"]

1. e4 Nf6 2. Nc3 h5 3. Nf3 c5 4. d4 cxd4 5. Nxd4 Nc6 6. Be3 Ng4 7. Nf3 Nxe3 8.
fxe3 Qb6 9. Nd5 Qa5+ 10. c3 h4 11. g3 hxg3 12. Bg2 gxh2 13. Rxh2 Rxh2 14. Nxh2
Ne5 15. Bf1 e6 16. Nb4 Qc5 17. Qd2 Nc4 18. Bxc4 Qxc4 19. O-O-O Qxe4 20. Nf1 a5
21. Nd3 a4 22. a3 b6 23. Ng3 Qg6 24. Rg1 Bd6 25. Nf4 Bxf4 26. exf4 Qh6 27. Rh1
Qg6 28. Rh8+ Ke7 29. Ne2 Bb7 30. Rh3 Ba6 31. Rg3 Qf6 32. c4 Bxc4 33. Qb4+ d6 34.
Qxc4 Qh6 35. Qc7+ Ke8 36. Qc6+ Ke7 37. Qxa8 Qh2 38. Kd2 Qf2 39. Rxg7 Kf6 40. Qf8
e5 41. Qxf7# 1-0

[Event "Aris"]
[Site "http://www.queenalice.com/game.php?id=684265"]
[Date "2009.11.16"]
[Round "-"]
[White "paddymalonespub"]
[Black "bohinky"]
[Result "0-1"]
[WhiteElo "1696"]
[BlackElo "2039"]

1. Nc3 d5 2. d4 Nf6 3. e3 g6 4. Bd3 Nc6 5. Nf3 Bg7 6. e4 dxe4 7. Bxe4 Nxe4 8.
Nxe4 Nxd4 9. Nxd4 Qxd4 10. Qxd4 Bxd4 11. c3 Bg7 12. O-O Bf5 13. Nc5 O-O-O 14.
Be3 b6 15. Nb3 h5 16. Bd4 e5 17. Be3 f6 18. f3 g5 19. h3 Be6 20. Nd2 f5 21. Bxg5
Rd3 22. Nb3 f4 23. Nc1 Rd2 24. b3 h4 25. c4 Rg8 26. Bxh4 e4 27. Rb1 Bd4+ 28. Kh2
Rgxg2+ 29. Kh1 Rh2# 0-1

[Event "Let's Play Chess!"]
[Site "http://www.queenalice.com/game.php?id=685724"]
[Date "2009.11.19"]
[Round "-"]
[White "paddymalonespub"]
[Black "APSHOOTER"]
[Result "1-0"]
[WhiteElo "1690"]
[BlackElo "1685"]

1. e4 b6 2. d4 Bb7 3. Bd3 g6 4. Nf3 Bg7 5. O-O Nf6 6. Nc3 Nc6 7. Be3 d5 8. exd5
Nxd5 9. Nxd5 Qxd5 10. b3 Bxd4 11. Bc4 Qe4 12. Ng5 O-O-O 13. Nxe4 Bxa1 14. Qxa1
Nb4 15. Ng5 Bd5 16. Bxd5 Rxd5 17. Qxh8+ Kb7 18. Qxh7 Nxc2 19. Qxf7 Nxe3 20. fxe3
Rxg5 21. Qxe7 Ra5 22. Qe4+ Ka6 23. Qc4+ b5 24. Qc6# 1-0

[Event "Let's Play Chess!"]
[Site "http://www.queenalice.com/game.php?id=685725"]
[Date "2009.11.19"]
[Round "-"]
[White "talisman77"]
[Black "paddymalonespub"]
[Result "1-0"]
[WhiteElo "1758"]
[BlackElo "1712"]

1. d4 d5 2. c4 dxc4 3. e3 e6 4. Bxc4 Nf6 5. Nc3 Bb4 6. Bd2 O-O 7. Nf3 Nc6 8. O-O
Bxc3 9. Bxc3 Nd5 10. Qb3 Na5 11. Bxa5 1-0

[Event "Challenge"]
[Site "http://www.queenalice.com/game.php?id=685950"]
[Date "2009.11.20"]
[Round "-"]
[White "shmurtz91"]
[Black "paddymalonespub"]
[Result "0-1"]
[WhiteElo "1100"]
[BlackElo "1700"]

1. e4 e5 2. Nf3 Nc6 3. Nc3 Nf6 4. d4 exd4 5. Nxd4 Nxd4 6. Qxd4 d6 7. b3 Be6 8.
Bb2 c6 9. Be2 d5 10. e5 Nd7 11. O-O-O Bc5 12. Qf4 O-O 13. h4 f6 14. exf6 Rxf6
15. Qg5 h6 16. Qh5 Bf7 17. Qg4 Ne5 18. Qh3 Be6 19. g4 Bd6 20. f4 Ng6 21. Nxd5
Bxd5 22. Bxf6 Qxf6 23. Kb1 Ba3 24. c3 Nxf4 25. Qe3 Nxe2 26. Qxe2 Qxc3 27. Rd3
Be4 28. Rd1 Bxd3+ 0-1

[Event "Challenge"]
[Site "http://www.queenalice.com/game.php?id=686280"]
[Date "2009.11.20"]
[Round "-"]
[White "paddymalonespub"]
[Black "sxako"]
[Result "1-0"]
[WhiteElo "1694"]
[BlackElo "1258"]

1. e4 e5 2. Nf3 Nc6 3. d4 d5 4. Nc3 Nf6 5. Bg5 Nxd4 6. Nxd4 dxe4 7. Nb3 Qe7 8.
Nd5 Qe6 9. Nxc7+ Ke7 10. Nxe6 Bxe6 11. Bxf6+ gxf6 12. Nc5 Bh6 13. Nxe6 fxe6 14.
Bc4 Rad8 15. Qh5 Bd2+ 16. Ke2 Rhg8 17. Qxh7+ Kf8 18. g3 f5 19. Bxe6 Re8 20.
Qxg8+ Ke7 21. Qf7+ Kd6 22. Qd7+ Kc5 23. Qxe8 Kd4 24. Qa4+ Kc5 25. Kxd2 b5 26.
Qxa7+ Kd6 27. Qd7+ Kc5 28. c3 f4 29. Qd5+ Kb6 30. Qxe4 Ka5 31. Qb4+ Kb6 32. Rae1
fxg3 33. fxg3 e4 34. Rxe4 Kc6 35. Qd4 Kc7 36. Qa7+ Kd6 37. Qd7+ Kc5 38. b4+ Kb6
39. Qd6+ Kb7 40. Bd5+ Kc8 41. Re8# 1-0

[Event "Challenge"]
[Site "http://www.queenalice.com/game.php?id=686655"]
[Date "2009.11.21"]
[Round "-"]
[White "paddymalonespub"]
[Black "manura04"]
[Result "1-0"]
[WhiteElo "1683"]
[BlackElo "1564"]

1. e4 e5 2. Nf3 Nc6 3. d4 Nf6 4. dxe5 Nxe4 5. Bd3 Nc5 6. Be3 Ne6 7. Nc3 Bc5 8.
Bxc5 Nxc5 9. Bc4 Qe7 10. O-O d6 11. exd6 cxd6 12. Re1 Be6 13. Nd5 Qd7 14. Nf4
O-O 15. Bxe6 fxe6 16. Nd3 b6 17. a3 Rae8 18. b4 Nxd3 19. Qxd3 Rf6 20. Ng5 Ne5
21. Qxh7+ Kf8 22. Qh8+ Ke7 23. Qxg7+ 1-0

[Event "Let's Play Chess!"]
[Site "http://www.queenalice.com/game.php?id=686663"]
[Date "2009.11.21"]
[Round "-"]
[White "paddymalonespub"]
[Black "digger"]
[Result "0-1"]
[WhiteElo "1704"]
[BlackElo "1587"]

1. e4 e5 2. Nf3 Nc6 3. d4 d6 4. Nc3 Bg4 5. Be3 Nxd4 6. Bxd4 exd4 7. Nd5 c6 8.
Nf4 Bxf3 9. gxf3 Nf6 10. Qxd4 Qe7 11. O-O-O Qe5 12. Qxe5+ dxe5 13. Ne2 Bc5 14.
Ng3 O-O 15. Nf5 b5 16. Rg1 g6 17. Nh6+ Kh8 18. Ng4 Nxg4 19. fxg4 Bxf2 20. Rg2
Be3+ 21. Kb1 Rad8 22. Rxd8 Rxd8 23. Bd3 c5 24. Re2 Bf4 25. Rf2 c4 26. Be2 Rd2
27. a3 a5 28. c3 Kg7 29. h3 Bg3 30. Rg2 Be1 31. Kc1 Rd6 32. Rg1 Bd2+ 33. Kc2 Be3
34. Rd1 Rf6 35. Rf1 Rf2 36. Rxf2 Bxf2 37. b3 cxb3+ 38. Kxb3 b4 39. cxb4 axb4 40.
Kxb4 Kf6 41. Kb5 Kg5 42. a4 h5 43. a5 h4 44. a6 Kf4 45. Bd3 Bd4 46. Kc6 Ke3 47.
Bb1 Kf3 48. Kb7 Kg3 49. Ba2 f6 50. a7 Bxa7 51. Kxa7 g5 52. Be6 Kxh3 53. Kb7 Kg3
54. Kc7 h3 55. Kd7 h2 56. Ke7 Kf4 57. Bf5 h1=Q 58. Kxf6 Qh3 59. Kg6 Qh8 60. Kf7
Qh6 61. Kg8 Qf6 62. Kh7 Ke3 63. Kg8 Kd4 64. Kh7 Kc5 65. Kg8 Qh6 66. Kf7 Kd6 67.
Kg8 Ke7 68. Bh7 Kf6 0-1

[Event "Let's Play Chess!"]
[Site "http://www.queenalice.com/game.php?id=686664"]
[Date "2009.11.21"]
[Round "-"]
[White "SalsaQueen"]
[Black "paddymalonespub"]
[Result "0-1"]
[WhiteElo "1849"]
[BlackElo "1707"]

1. d4 d5 2. Nc3 Nf6 3. h3 Nc6 4. a3 e5 5. dxe5 Nxe5 6. Bg5 Be6 7. e3 Be7 8. Bxf6
Bxf6 9. Nf3 Nc6 10. Bb5 O-O 11. Bxc6 bxc6 12. Rb1 Be7 13. Nd4 Qd7 14. Nxe6 fxe6
15. Qd3 e5 16. e4 Rad8 17. O-O d4 18. Ne2 c5 19. c3 Bf6 20. Qc4+ Kh8 21. Qxc5 a6
22. b4 d3 23. Ng3 d2 24. Rfd1 Be7 25. Qxe5 Bf6 26. Qc5 Be7 27. Qe3 g6 28. Rb2
Qa4 29. Rdxd2 Qxa3 30. Ra2 Qc1+ 31. Kh2 Ra8 32. f3 Bd6 33. e5 Rfe8 34. e6 Re7
35. Qd4+ Kg8 36. Qd5 Rd8 37. Rxa6 Bxg3+ 38. Kxg3 Rxd5 39. Rxd5 Qxc3 40. b5 Kf8
41. Ra8+ Re8 42. Rxe8+ Kxe8 43. Rd7 Qe5+ 44. f4 Qxe6 45. Rxc7 Qb3+ 0-1

[Event "Challenge"]
[Site "http://www.queenalice.com/game.php?id=702901"]
[Date "2009.12.24"]
[Round "-"]
[White "pfunk339"]
[Black "paddymalonespub"]
[Result "1-0"]
[WhiteElo "1457"]
[BlackElo "1731"]

1. e4 e5 2. Qf3 Nf6 3. g4 d5 4. Nc3 Bxg4 5. Qe3 d4 6. Qg5 dxc3 7. bxc3 Nc6 8.
Bb5 Bd7 9. Nf3 Nxe4 10. Qh4 Qxh4 11. Nxh4 Be7 12. Bb2 Bxh4 13. O-O-O Nxf2 14.
Rhf1 Nxd1 15. Rxd1 O-O 16. Ba3 Rfe8 17. Bc4 Be6 18. Bb3 Bxb3 19. cxb3 f6 20. d4
exd4 21. cxd4 Rad8 22. d5 Ne5 23. Bc5 Bg5+ 24. Kc2 b6 25. Bd4 Rxd5 26. Bc3 Rxd1
27. Kxd1 1-0

[Event "Challenge"]
[Site "http://www.queenalice.com/game.php?id=703615"]
[Date "2009.12.26"]
[Round "-"]
[White "paddymalonespub"]
[Black "thedead"]
[Result "0-1"]
[WhiteElo "1704"]
[BlackElo "1589"]

1. e4 e5 2. Nf3 Nc6 3. d4 exd4 4. Nxd4 Ne5 5. Bf4 Ng6 6. Be3 Qf6 7. Bd3 b6 8.
Nc3 Bb7 9. Qg4 O-O-O 10. O-O Ne5 11. Qf5 Kb8 12. Bg5 Qxf5 13. exf5 f6 14. Be3
Ne7 15. Bf4 N7c6 16. Nxc6+ Bxc6 17. Be4 Bxe4 18. Nxe4 Nc6 19. a3 Nd4 20. c3 Ne2+
21. Kh1 Nxf4 22. g3 Nd3 23. b4 d5 24. Nd2 Bd6 25. f4 Nb2 0-1

[Event "CONTEMPLATIF"]
[Site "http://www.queenalice.com/game.php?id=713988"]
[Date "2010.1.14"]
[Round "4"]
[White "Mikejr"]
[Black "paddymalonespub"]
[Result "1-0"]
[WhiteElo "1726"]
[BlackElo "1683"]

1. d4 d5 2. Nf3 Nc6 3. e3 Bg4 4. Be2 Nf6 5. h3 Bxf3 6. Bxf3 e6 7. O-O Bd6 8. Nd2
O-O 9. e4 Nxd4 10. c3 Nxf3+ 11. Qxf3 dxe4 12. Nxe4 Nd5 13. Qd3 Nb4 14. cxb4 Bh2+
15. Kxh2 Qxd3 16. Re1 f5 17. Ng5 Qd6+ 18. Kg1 Rf6 19. a3 h6 20. Nf3 Re8 21. Be3
b6 22. Rad1 Qc6 23. Ne5 Qc2 24. Rd2 Qc1 25. Rxc1 1-0

[Event "CONTEMPLATIF"]
[Site "http://www.queenalice.com/game.php?id=779486"]
[Date "2010.5.22"]
[Round "5"]
[White "ajr"]
[Black "paddymalonespub"]
[Result "0-1"]
[WhiteElo "1620"]
[BlackElo "1707"]

1. d4 d5 2. Nf3 Nc6 3. h3 e5 4. e3 exd4 5. Nxd4 Nxd4 6. exd4 Be7 7. Qe2 Nf6 8.
Nc3 c6 9. Bg5 Qd6 10. a3 O-O 11. Bxf6 Bxf6 12. O-O-O Bd7 13. Qd2 h6 14. Re1 Bg5
15. Re3 Rae8 16. Bd3 Rxe3 17. fxe3 Qg3 18. Nd1 Re8 19. Re1 g6 20. Qf2 Qxf2 21.
Nxf2 Bxe3+ 22. Rxe3 Rxe3 23. Kd2 Rg3 24. Bf1 Rg5 25. h4 Rf5 26. Ke3 h5 27. c4
dxc4 28. Bxc4 b5 29. Bd3 Rf6 30. Ne4 Re6 31. Kf4 Kg7 32. Nc5 Rf6+ 33. Ke3 Bg4
34. Ne4 Re6 35. Kd2 Re8 36. Nc5 f5 37. Nd7 Rd8 38. Ne5 Rxd4 39. Ke3 Rd5 40. Nxc6
a6 41. Nb4 Rd6 42. Be2 Re6+ 43. Kd2 Rxe2+ 44. Kc3 Rxg2 45. Nxa6 f4 46. b4 f3 47.
Nc5 f2 48. a4 bxa4 49. Nxa4 f1=Q 0-1

[Event "Challenge"]
[Site "http://www.queenalice.com/game.php?id=803347"]
[Date "2010.7.14"]
[Round "-"]
[White "WILSONCSQ"]
[Black "paddymalonespub"]
[Result "0-1"]
[WhiteElo "1696"]
[BlackElo "1722"]

1. e4 e5 2. Nf3 d6 3. Nc3 Nf6 4. d3 Be7 5. Be2 Nc6 6. Be3 O-O 7. a3 d5 8. exd5
Nxd5 9. O-O Nxc3 10. bxc3 f5 11. d4 e4 12. Ne5 Nxe5 13. dxe5 Qxd1 14. Bxd1 f4
15. Bd4 f3 16. Re1 Bf5 17. e6 fxg2 18. Kxg2 Bd6 19. c4 b6 20. a4 a5 21. Rb1 Rfe8
22. f3 Rxe6 23. Rb5 exf3+ 24. Kf2 Rxe1 25. Kxe1 Re8+ 26. Kf2 Bg4 27. h3 Bxh3 28.
Kxf3 g6 29. c5 Rf8+ 30. Ke3 Bf4+ 31. Kd3 Bf1+ 32. Ke4 Bxb5 33. axb5 bxc5 34.
Bxc5 Rf5 35. Be3 Bxe3 36. Kxe3 a4 37. Kd2 Rxb5 38. c4 Rb4 39. Bxa4 Rxa4 40. c5
Rf4 41. c6 h5 42. Ke3 g5 43. Ke2 h4 44. Ke3 h3 45. Ke2 h2 46. Ke3 h1=Q 47. Ke2
Qf1+ 48. Ke3 Qf3+ 49. Kd2 Rd4+ 50. Kc2 Qd1+ 51. Kc3 Qa1+ 52. Kb3 Qc1 53. Ka2
Ra4+ 54. Kb3 Qc4+ 55. Kb2 Rb4+ 56. Ka1 Qc1+ 57. Ka2 Qb2# 0-1

[Event "July 28 Challenge"]
[Site "http://www.queenalice.com/game.php?id=809942"]
[Date "2010.7.28"]
[Round "-"]
[White "spartan117"]
[Black "paddymalonespub"]
[Result "0-1"]
[WhiteElo "1454"]
[BlackElo "1669"]

1. e4 e5 2. Nf3 d6 3. Nc3 Nf6 4. Bb5+ c6 5. Bd3 Be6 6. O-O Nbd7 7. b3 d5 8. exd5
Bxd5 9. a4 Bb4 10. Ne4 Bxe4 11. Bc4 O-O 12. Re1 Bxf3 13. Qxf3 Re8 14. Ba3 Bxa3
15. Rxa3 e4 16. Qf4 h6 17. b4 g5 18. Qf5 Re5 19. Qh3 Kg7 20. d4 exd3 21. Bxd3
Rxe1+ 22. Bf1 Ne5 23. Qc3 Qd1 24. Ra1 Rxf1# 0-1

[Event "Challenge"]
[Site "http://www.queenalice.com/game.php?id=817012"]
[Date "2010.8.12"]
[Round "-"]
[White "ORNELAS"]
[Black "paddymalonespub"]
[Result "0-1"]
[WhiteElo "1633"]
[BlackElo "1693"]

1. b3 e5 2. d4 exd4 3. Qxd4 Nc6 4. Qe4+ Qe7 5. Qf3 d6 6. Bb2 Be6 7. Qg3 O-O-O 8.
Bxg7 Bxg7 9. Qxg7 Nf6 10. Nd2 Nh5 11. Qh6 Nf6 12. g3 Ng4 13. Qf4 Qf6 14. Qxf6
Nxf6 15. Bg2 Nd4 16. Rc1 Rhe8 17. Ngf3 Bd5 18. O-O Nxe2+ 19. Kh1 Nxc1 20. Rxc1
Bxf3 21. Nxf3 h6 22. c4 Re2 23. Nd4 Rxf2 24. Nb5 a6 25. Nd4 Rxa2 26. c5 dxc5 27.
Nf5 Ng4 28. Ne7+ Kb8 29. h3 Ne3 30. Bf3 Rdd2 31. Re1 Rh2+ 32. Kg1 Rhg2+ 33. Bxg2
Nxg2 34. Nd5 Nxe1 35. Kf1 Nd3 36. Nc3 Rf2+ 37. Kg1 Rc2 38. Kf1 Rxc3 39. Ke2 Rxb3
40. Ke3 a5 41. Ke4 a4 42. h4 a3 43. Kd5 a2 44. Kc4 Nc1 45. Kxc5 a1=Q 46. Kd5
Rd3+ 47. Ke4 Qd4+ 48. Kf5 Rf3# 0-1

[Event "Challenge"]
[Site "http://www.queenalice.com/game.php?id=817013"]
[Date "2010.8.12"]
[Round "-"]
[White "ORNELAS"]
[Black "paddymalonespub"]
[Result "0-1"]
[WhiteElo "1648"]
[BlackElo "1678"]

1. b3 e5 2. Bb2 d6 3. d4 exd4 4. Qxd4 Nc6 5. Qe4+ Be6 6. Nd2 Nf6 7. Qh4 Be7 8.
Qg3 g6 9. Bxf6 Bxf6 10. Rb1 Be5 11. Qe3 Qf6 12. Ne4 Qg7 13. Ng5 Nd4 14. Qd2
O-O-O 15. Nxe6 Nxe6 16. g3 Qf6 17. Bg2 Bc3 18. Rd1 Bxd2+ 19. Rxd2 Qa1+ 20. Rd1
Qxa2 21. Nf3 Qxc2 22. O-O Qxb3 23. Ra1 a6 24. Nd2 Qc3 25. Rfd1 Qg7 26. Rac1 Nd4
27. Re1 c6 28. Nc4 Nxe2+ 29. Kh1 Nxc1 30. Nb6+ Kc7 31. Nc4 Qd4 32. Rxc1 Qxf2 33.
Rf1 Qc2 34. Ne3 Qc3 35. Nd1 Qg7 36. Ne3 d5 37. h4 d4 38. Nc4 d3 39. Kh2 d2 40.
Nxd2 Rxd2 41. Rg1 Rhd8 42. Rf1 Qb2 43. Rxf7+ R8d7 44. Rxd7+ Rxd7 45. Kh3 a5 46.
Kg4 Qxg2 47. Kg5 Qxg3+ 48. Kf6 Rd6+ 49. Kg7 Qxh4 50. Kh8 Rd7 51. Kg8 Qd8# 0-1

[Event "Challenge"]
[Site "http://www.queenalice.com/game.php?id=818448"]
[Date "2010.8.15"]
[Round "-"]
[White "lucca"]
[Black "paddymalonespub"]
[Result "0-1"]
[WhiteElo "1028"]
[BlackElo "1720"]

1. e4 e5 2. f4 exf4 3. Nf3 d6 4. d4 Bg4 5. Bxf4 Nf6 6. Nc3 Nc6 7. Bb5 a6 8.
Bxc6+ bxc6 9. h3 Bxf3 10. Qxf3 d5 11. exd5 cxd5 12. O-O-O c6 13. Rhe1+ Be7 14.
Qe3 Ra7 15. Na4 O-O 16. a3 Re8 0-1

[Event "Challenge"]
[Site "http://www.queenalice.com/game.php?id=818449"]
[Date "2010.8.15"]
[Round "-"]
[White "paddymalonespub"]
[Black "lucca"]
[Result "1-0"]
[WhiteElo "1676"]
[BlackElo "1140"]

1. e4 e5 2. Nf3 Nf6 3. Nc3 d6 4. d4 exd4 5. Nxd4 a6 6. Bg5 Be7 7. Bxf6 Bxf6 8.
Nd5 Bxd4 9. Qxd4 c5 10. Qxg7 Rf8 11. Nf6+ Ke7 12. Qg5 Be6 13. Nxh7+ 1-0